Stavebné pamiatky minulosti Timbuktu

Bibliographic Details
Main Author: Gajdoš, Peter (Author)
Format: Article
Language:Slovak
PhysicalDescription:Fotogr.
ISSN:1335-1249
Subjects:

MARC

LEADER 00000nab a2200000 a 4500
001 vtls000868156
003 SK-MaSNL
005 20260304121219.0
008 250429c2003 xo 0 slo
015 |a SNBRB2004/04-10578 
035 |a CLN000219708 
035 |a urn:nbn:sk:snk-abafko 
035 |a (urnnbn)urn:nbn:sk:snk:ar-008fhq 
035 |a (uuid)b6626b62-0189-42fc-866d-a91c053dc14a 
040 |a SNKBUCL  |b slo  |c SNKBUCL  |e AACR2 
041 0 |a slo 
044 |a xo  |c SK 
080 |a 904:72  |x (662.1)  |2 1997 
080 |a 72  |x (662.1)  |2 1997 
100 1 |a Gajdoš, Peter  |4 aut  |9 265911 
245 1 0 |a Stavebné pamiatky minulosti  |b Timbuktu  |c Peter Gajdoš 
300 |b Fotogr. 
650 0 7 |a architektonické pamiatky  |2 snkbucl  |9 28990 
650 0 7 |a kultúrne pamiatky  |2 snkbucl  |9 2862 
651 7 |a Timbuktu (Mali)  |2 snkbucl  |9 27204 
773 0 |t Eurostav  |g Roč. 9, č. 8 (2003), s. 68  |x 1335-1249 
850 |a Slovenská národná knižnica 
852 |a Slovenská národná knižnica 
954 |a odborná, vedecká literatúra pôvodná (slovenská)  |2 lita 
958 |a article14 
958 |a OND 
958 |a ML 
958 |a EUIPO 
999 |c 2883926  |d 2885856